000
00305nam a22001337a 4500
008
181101b xxu||||| |||| 00| 0 eng d
020
_a
039913298/8
041
_a
eng
080
_a
030
100
_a
24
101
_a
ENC
245
_a
The Colombia Encyclopedia Of Nutrtion
_c
Myr.W
942
_2
udc
_c
BK
999
_c
51404
_d
51404